000 00561nam a2200169Ia 4500
005 20260601193249.0
008 260601s9999||||xx |||||||||||||| ||und||
020 _a978-981-97-4445-9
_qebk
100 _aDebanjan Bhowmik
245 0 _aSpintronics-Based Neuromorphic Computing
250 _a2024
260 _aHeidelberg, Germany
_bSpringer Nature
_c2024
440 _aSpringer Tracts in Electrical and Electronics Engineering
650 _aComputer Science
856 _uhttps://link.springer.com/openurl?genre=book&isbn=978-981-97-4445-9
942 _cEB
_2ddc
999 _c56653
_d56653